00590nam a2200121Ia 4500008004100000020001800041100002200059245004800081260002200129650001200151650026000163856004500423171212s9999 xx 000 0 und d a9781925021608 aAllbrook, Malcolm cAllbrook, MalcolmaHenry Prinsep’s Empire bANU E Pressc2014 aHistory aPrinsep, Henry Charles 1844-1922; East India Company; Artists -- Western Australia -- Biography; Civil service -- Officials and employees -- Biography; Western Australia -- Social life and customs -- 19th century; India -- Social life and customs -- 19th  uhttp://www.jstor.org/stable/j.ctt13wwvzc